難読漢字 初級編 - Statistics

General Stats
  • This quiz has been taken 437 times
  • The average score is 9 of 20
Answer Stats
漢字 読み % Correct
月極 つきぎめ
84%
海月 くらげ
82%
心太 ところてん
75%
外郎 ういろう
64%
胡坐 あぐら
62%
薬缶 やかん
60%
市井 しせい
59%
鳩尾 みぞおち
52%
手水 ちょうず
46%
京終 きょうばて
39%
吃逆 しゃっくり
36%
希う こいねがう
35%
集る たかる
35%
束子 たわし
34%
論う あげつらう
30%
只管 ひたすら
28%
戦ぐ そよぐ
26%
吹鳴 すいめい
24%
剰え あまつさえ
22%
泥む なずむ
20%
No matching quizzes found
Score Distribution
Percent of People with Each Score
Percentile by Number Answered
Your Score History
You have not taken this quiz